Los principios generales del derecho

Salvato in:
Dettagli Bibliografici
Autore principale: Del Vecchio, Giorgio (autor)
Natura: Libro
Lingua:spagnolo
Pubblicazione: Barcelona Bosch 1971
Edizione:3a. ed
Soggetti:
Tags: Aggiungi Tag
Nessun Tag, puoi essere il primo ad aggiungerne!!

MARC

LEADER 00000nam a2200000 a 4500
001 UCS9733
003 CL-VaPUC
008 971121e19710000SP |||||||||||||||||spa|d
082 0 4 |a 340.1  |b DEL  |2 21 
100 |a Del Vecchio, Giorgio  |e autor   |9 255040 
245 1 4 |a Los principios generales del derecho 
250 |a 3a. ed 
300 |a 149 p 
942 |c BK 
945 |d 19971121 00:00:00  |a cmena 
260 |a Barcelona  |b Bosch  |c 1971 
650 0 |a Filosofía del derecho   |9 255050 
650 0 |a Escuelas filosóficas   |9 266232 
650 0 |a Positivismo jurídico  |9 255992 
650 0 |a Derechos humanos  |9 223025 
650 0 |a Derecho privado  |9 258243 
650 0 |a Obligaciones   |9 255578 
650 0 |a Normas jurídicas  |9 258310 
650 0 |a Derecho natural   |9 255041 
583 |a last modification  |c 19971121 00:00:00  |k Rodrigo Vera 
999 |c 263494  |d 263492 
952 |0 0  |1 0  |4 0  |6 340_100000000000000_DEL_1971  |7 0  |8 DER_TF  |9 292821  |a BIBDER  |b BIBDER  |d 2019-11-19  |i 190616K  |l 2  |o 340.1 DEL 1971  |p 190616K  |r 2023-01-25  |s 2021-10-16  |w 2019-11-19  |x Ubicación 4to Piso  |y BK  |z Estos recursos deben solicitarse con anticipación  |k DER